LEADER 01052nam a2200241 u 4500 001 000000110793 003 CaOOAMICUS 005 20080328095854.0 008 080328s2008 it u000 u ita u 020 $z978-88-348-7729-6* 040 $aPUL$bita$dBc 245 02$aI processi di separazione e di divorzio /$cAndrea Graziosi (a cura di ). 260 $aTorino :$bG. Giappichelli,$cc2008. 300 $aix, 402 p. ;$c25 cm. 650 4$aDivorzio$xDiritto e legislazione.$0(OLS)http://pul/subject/27066 650 4$aSeparazione (diritto).$0(OLS)http://pul/subject/27065 700 1 $aGraziosi, Andrea.$0(OLS)http://pul/name/26562 850 $aPUL 852 $aPUL$W1$xSL Diritto e Scienze Sociali 3$y79$m346. 45 GRAAN 1$j126962$qDDC 21$B125671$CPULBib$Z2$F125671 $H106721 $82 941 1 $a9 996 $6020$z978-88-348-7729-6*$9(OLS)http://pul/number/137609 996 $6245$aI processi di separazione e di divorzio$9(OLS)http://pul/title/139329 996 $6260$aTorino :$bG. Giappichelli$9(OLS)http://pul/publisher/49130 LEADER 01570nam a2200325 a 4500 001 000000166761 003 CaOOAMICUS 005 20180319095212.0 008 180319s2002 it u000 u ita r 020 $a88-17-12932-1* 032 $aLibriCat 040 $aPUL$bita 245 00$aDi fronte ai classici :$ba colloquio con i greci e i latini /$cCacciari ... [et al.] ; a cura di Ivano Dionigi. 260 $aMilano :$bRizzoli,$c©2002. 300 $a299 p. ;$c20 cm. 490 1 $aBur. Saggi 490 1 $aCentro studi La permanenza del classico. Ricerche. Dipartimento di filologia classica e medioevale, Universitą degli studi di Bologna ;$v02 504 $aBibliografia in nota. 650 4$aLetteratura classica.$0(OLS)http://pul/subject/5015 700 1 $aDionigi, Ivano.$0(OLS)http://pul/name/68490 700 1 $aCacciari, Massimo,$d1944-$0(OLS)http://pul/name/31076 830 0$aBur$pSaggi.$0(OLS)http://pul/title/148188 830 0$aRicerche (Centro studi La permanenza del classico, Dipartimento di filologia classica e medioevale, Universitą degli studi di Bologna) ;$v02.$0(OLS)http://pul/title/206517 850 $aPUL 852 $aPUL$W1$xDP1 Fondo Dalla Palma$y117$m1 A 95$j162265$qFondi$B194210$CPULBib$Z2$F194210 $HDal68 $81 941 1 $a1 996 $6020$a88-17-12932-1*$9(OLS)http://pul/number/163728 996 $6245$aDi fronte ai classici :$ba colloquio con i greci e i latini$9(OLS)http://pul/title/206516 996 $6260$aMilano :$bRizzoli$9(OLS)http://pul/publisher/48712